| 000 | 00665cab a2200265 4500 | ||
|---|---|---|---|
| 001 | X327 | ||
| 008 | 090401t1992 xxu||||| |||| 00| 0 eng d | ||
| 035 | _a(Sirsi) u65122 | ||
| 041 | _aeng | ||
| 100 | _aTyler, W.A. | ||
| 245 | _aSatellite mapping comes of age | ||
| 260 | _c1992 | ||
| 350 | _a0 | ||
| 490 |
_aGeodetical Info Magazine _v6(12) December 1992, 56-58(3) |
||
| 650 | _aGIS | ||
| 650 | _aGIS | ||
| 650 | _aSATELLITE MAPPING | ||
| 650 | _aSATELLITES | ||
| 690 | _aMANAGEMENT-BUSINESS MANAGEMENT-INFORMATION MANAGEMENT | ||
| 690 | _aLAND SURVEYING | ||
| 700 | _aChiesa, C.C. | ||
| 700 | _aReed, L.E. | ||
| 942 | _n0 | ||
| 948 | _c04/03/1997 | ||
| 999 |
_c40595 _d40595 |
||